00496pab a2200157 454500008004000000100002100040245012600061260000900187300001400196362000800210650003000218650003300248650001800281700002000299773001900319180718b2008 xxu||||| |||| 00| 0 eng d aScruggs, Lyle A. aSocial stratification and welfare regimes for the twenty-first century: revisiting the three worlds of welfare capitalism c2008 ap.642-64. aJul aCapitalism - 21st century aSocial policy - 21st century aSocial policy aAllan, James P. aWorld Politics